Padres de la Patria / (Registro nro. 13964)

Detalles MARC
000 -LIDER
fixed length control field 02214nam a2200361 a 4500
001 - NÚMERO DE CONTROL
Identificador de número de control
003 - IDENTIFICACDOR DE NÚMERO DE CONTROL
control field DO-SdBNP
005 - DATE AND TIME OF LATEST TRANSACTION
control field 20220119111250.0
008 - ELEMENTOS DE LONGITUD FIJA
fixed length control field 081122s2008 dr 001 0 spa d
020 ## - ISBN
International Standard Book Number 9789945020380
020 ## - ISBN
International Standard Book Number 9945020382
040 ## - FUENTE DE CATALOGACIÓN
Agencia que crea de manera original el registro DO-SdBNP
Idioma de catalogación spa
Agencia que realiza la transcripción BPMSU
082 ## - NÚMERO DE CLASIFICACIÓN DECIMAL DE DEWEY
Classification number R 923.27293
Item number C343p 2008
Edition number 22
100 1# - ASIENTO PRINCIPAL -- NOMBRE PERSONAL
Nombre personal Cassá, Roberto,
Fechas asociadas con el nombre 1948-
245 10 - MENCIÓN DE TITULO
Título Padres de la Patria /
Mención de responsabilidad Roberto Cassá : edición Emilio Hernández Valdés.
260 ## - PUBLICACIÓN, DISTRIBUCIÓN, ETC. (PIE DE IMPRENTA)
Lugar de publicación, distribución, etc Santo Domingo :
Nombre del editor, distribuidor, etc. Archivo General de la Nación
Fecha de publicación, distribución, etc 2008.
300 ## - DESCRIPCIÓN FÍSICA
Extensión 100 p. ;
Dimensiones 22 cm.
490 0# - MENCIÓN DE SERIES
Mención de serie Juvenil
Volume/sequential designation 5
500 ## - NOTA GENERAL
Materiales especificados Incluye datos biográficos del autor en la solapa de la cubierta
504 ## - NOTA DE BIBLIOGRAFÍA, ETC.
Bibliography, etc Incluye referencias bibliográficas e índice onomástico
505 0# - NOTA DE CONTENIDO
Texto normalizado de contenido Juan Pablo Duarte -- La grandeza de Duarte -- Los años formativos -- Fundación de La Trinitaria -- Las enseñanzas de Duarte -- La reforma -- Lucha contra los afrancesados -- En El Apure -- Veinte años después: en la Restauración -- Bibliografía -- Su dimensión en la historia dominicana -- Orígenes familiares -- Infancia y juventud -- Preparación de la independencia -- El manifiesto del 16 de enero -- El 27 de febrero -- Los primeros meses de la República -- Éxito y retorno -- Con Báez -- Contra la anexión -- Expedición e inmolación -- Bibliografía -- Matías Ramón Mella el patriotismo hecho acción -- Su dimensión -- Iniciación revolucionaria -- Hacia el 27 de febrero -- De vuelta al Cibao -- Con Santana -- Misión en España -- En la Revolución de 1857 -- Ruptura con Santana -- vicepresidente restaurador -- Bibliografía -- Índice onomástico.
590 ## - NOTA LOCAL
Enlace Inventariado, 2022/VM
600 14 - ENCABEZAMIENTO DE MATERIA--NOMBRE PERSONAL
Nombre personal Duarte, Juan Pablo,
Fechas asociadas con el nombre 1813-1876
600 14 - ENCABEZAMIENTO DE MATERIA--NOMBRE PERSONAL
Nombre personal Mella, Matías Ramón,
Fechas asociadas con el nombre 1816-1864
600 14 - ENCABEZAMIENTO DE MATERIA--NOMBRE PERSONAL
Nombre personal Rosario Sánchez, Francisco del
Fechas asociadas con el nombre 1817-1861
651 #4 - ENCABEZAMIENTO DE MATERIA--NOMBRE GEOGRÁFICO
Nombre geográfico República Dominicana
Subdivisión temática general Historia
Subdivisión cronológica 1844-1861
651 #4 - ENCABEZAMIENTO DE MATERIA--NOMBRE GEOGRÁFICO
Nombre geográfico República Dominicana
Subdivisión temática general Historia, Anexión a España
Subdivisión cronológica 1861-1865
700 1# - ASIENTO SECUNDARIO -- NOMBRE PERSONAL
Nombre personal Hernández Valdés, Emilio,
Mención de responsabilidad ed.
710 2# - ASIENTO SECUNDARIO -- NOMBRE CORPORATIVO
Nombre corporativo o de jurisdicción Comisión Permanente de Efemérides Patrias (República Dominicana)
710 2# - ASIENTO SECUNDARIO -- NOMBRE CORPORATIVO
Nombre corporativo o de jurisdicción Archivo General de la Nación (República Dominicana)
910 ## - VALIDACIÓN
Validación VMateo
942 ## - ADDED ENTRY ELEMENTS (KOHA)
Source of classification or shelving scheme Dewey Decimal Classification
Koha item type Libros
Existencias
Withdrawn status Lost status Source of classification or shelving scheme Damaged status Not for loan Collection code Home library Current library Date acquired Full call number Barcode Date last seen Price effective from Koha item type Source of acquisition Copy number
    Dewey Decimal Classification     Colección Dominicana Biblioteca Pública Metropolitana Salomé Ureña Biblioteca Pública Metropolitana Salomé Ureña 01/19/2022 BPMSU CD 923.2097293 C343p 2008 BPMSU22010047 01/19/2022 01/19/2022 Libros    
    Dewey Decimal Classification     Colección Dominicana Biblioteca Pública Metropolitana Salomé Ureña Biblioteca Pública Metropolitana Salomé Ureña 01/19/2022 BPMSU CD 923.2097293 C343p 2008 BPMSU22010048 01/19/2022 01/19/2022 Libros Fundacón Juan Bosch e.2